000 01362cam a2200385 a 4500
001 6593
003 FISKH
005 20250513092404.0
008 990302s2000 nyua b 000 1 eng
010 _a 99022575
020 _a0689805527
040 _aDLC
_cDLC
_dDLC
_beng
050 _aPZ7.N964 W
082 _a800
100 1 _aNumeroff, Laura Joffe.
245 1 0 _aWhat grandmas do best ;
_bWhat grandpas do best /
_cby Laura Numeroff ; illustrated by Lynn Munsinger.
250 _aFirst Scholastic paper printing, March 2002
260 _aNew York :
_bScholastic,
_c2000.
300 _a 40 unnnumbered pages :
_bcolor illustrations ;
_c26 cm
500 _aAn upside-down book.
500 _aTwo stories bound back to back and inverted.
505 _aE
520 _aOne side of this upside-down book celebrates all of the things grandmas do for their grandchildren. Turning the book over and around produces a similar celebration of grandpas.
521 8 _a260
_bLexile
521 8 _aE
_bRaz-Plus
650 0 _aUpside-down books
_vSpecimens.
650 1 _aGrandmothers
_vFiction.
650 1 _aGrandfathers
_vFiction.
650 1 _aAnimals
_vFiction.
650 1 _aUpside-down books.
700 1 _aMunsinger, Lynn,
_eillustrator
906 _a7
_bcbc
_corignew
_d1
_eocip
_f19
_gy-gencatlg
942 _2ddc
_cBK
_n0
999 _c6593
_d6593